000 00308nam a22001457a 4500
008 230414b ||||| |||| 00| 0 eng d
020 _a9780670036165
041 _aeng
080 _a159.9
082 _a159.9DAV
100 _a25
101 _aPSI
245 _aOPEN YOUR EYES
_cDAVIS J
942 _2udc
_cBK
999 _c59542
_d59542